书目信息 |
| 题名: |
外国现代派作品选
|
|
| 作者: | 郑克鲁 , 袁可嘉 , 董衡巽 选编 | |
| 分册: | 第二册 | |
| 出版信息: | 上海 上海文艺出版社 1984.8 |
|
| 页数: | 347-781页 | |
| 开本: | 20cm | |
| 丛书名: | ||
| 单 册: | ||
| 中图分类: | I11 | |
| 科图分类: | ||
| 主题词: | 文学--作品集--世界 | |
| 电子资源: | ||
| ISBN: | ||
| 000 | 00678nam0 2200229 45 | |
| 001 | 0203261305 | |
| 005 | 20070730160726.62 | |
| 010 | @dCNY2.25 | |
| 091 | @a10078.3226 | |
| 100 | @a20020326d1984 km y0chiy0120 ea | |
| 101 | @achi | |
| 105 | @a z 000ay | |
| 200 | 1 | @a外国现代派作品选@AWai Guo Xian Dai Pai Zuo Pin Xuan@h第二册@h下@f袁可嘉,董衡巽,郑克鲁选编@FYuan Ke Jia,Dong Heng Xun,Zheng Ke Lu Xuan Bian |
| 210 | @a上海@c上海文艺出版社@d1984.8 | |
| 215 | @a347-781页@d20cm | |
| 606 | 0 | @a文学@x作品集@x世界 |
| 690 | @aI11@v3 | |
| 701 | 0 | @a郑克鲁@4选编 |
| 701 | 0 | @a袁可嘉@4选编 |
| 701 | 0 | @a董衡巽@4选编 |
| 801 | @aCN@bTSTC@c20070730 | |
| 905 | @dI11@e19:2(2) | |
| 外国现代派作品选.第二册.下/袁可嘉,董衡巽,郑克鲁选编.-上海:上海文艺出版社,1984.8 |
| 347-781页;20cm |
| ISBN :CNY2.25 |
| ● |
| 相关链接 |
|
|
|
|
正题名:外国现代派作品选
索取号:I11/19:2(2)
 
预约/预借
| 序号 | 登录号 | 条形码 | 馆藏地/架位号 | 状态 | 备注 |
| 1 | 0058952 | 000053079 | 密集书库/ [索取号:I11/19:2(2)] | 在馆 | |
| 2 | 0058954 | 001744296 | 密集书库/ [索取号:I11/19:2(2)] | 在馆 | |
| 3 | 0148301 | 000053024 | 密集书库/ [索取号:I11/19:2(2)] | 在馆 | |
| 4 | 0148302 | 001880726 | 密集书库/ [索取号:I11/19:2(2)] | 在馆 | |
| 5 | 0148303 | 000053088 | 第一样本阅览室/ [索取号:I11/19:2(2)] | 在馆 | |
| 6 | 0150121 | 001880762 | 密集书库/ [索取号:I11/19:2(2)] | 在馆 | |
| 7 | 0156767 | 001880682 | 密集书库/ [索取号:I11/19:2(2)] | 在馆 | |
| 8 | 0156768 | 001880646 | 密集书库/ [索取号:I11/19:2(2)] | 在馆 | |
| 9 | 0427757 | 204277576 | 密集书库/ [索取号:I11/19:2(2)] | 在馆 | |
| 10 | 0427759 | 204277594 | 密集书库/ [索取号:I11/19:2(2)] | 在馆 | |
| 11 | 0428484 | 204284844 | 密集书库/ [索取号:I11/19:2(2)] | 在馆 | |
| 12 | 0444715 | 204447152 | 密集书库/ [索取号:I11/19:2(2)] | 在馆 | |
| 13 | 0449460 | 204494608 | 密集书库/ [索取号:I11/19:2(2)] | 在馆 | |
| 14 | 0456573 | 204565737 | 密集书库/ [索取号:I11/19:2(2)] | 在馆 | |
| 15 | 0787355 | 207873559 | 密集书库/ [索取号:I11/19:2(2)] | 在馆 |